Paesi nominati nella pagina Wikipedia del Belgio - Statistics

Statistiche generali
  • Questo quiz è stato fatto 36 volte
  • Il punteggio medio è 23 su 29
Statistiche sulle risposte
Volte in cui viene nominato Indizio (basato sul motivo per cui lo stato viene nominato nella pagina Wikipedia) Paese % Corretto
6 Paese confinante Francia
100%
9 Paese confinante Paesi Bassi
100%
3 Paese che governò il Belgio tra '500 e '700 Spagna
100%
9 Paese confinante Germania
96%
3 Paese confinante Lussemburgo
96%
1 La tradizione cioccolatiera belga è la più consolidata al mondo assieme a quella di questo paese Svizzera
92%
4 Paese d'origine di una consistente comunità di immigrati residenti in Belgio Italia
88%
1 Paese d'origine di una consistente comunità di immigrati residenti in Belgio Marocco
88%
3 Paese colonizzato dal Belgio Repubblica Democratica del Congo
88%
1 Paese d'origine di una comunità di immigrati residenti in Belgio India
85%
1 Paese d'origine di una consistente comunità di immigrati residenti in Belgio Portogallo
85%
1 Paese d'origine di una consistente comunità di immigrati residenti in Belgio Stati Uniti
85%
1 Paese d'origine di una comunità di immigrati residenti in Belgio Brasile
81%
1 Paese d'origine di una comunità di immigrati residenti in Belgio Romania
81%
1 Paese d'origine di una comunità di immigrati residenti in Belgio Tunisia
81%
1 Paese d'origine di una comunità di immigrati residenti in Belgio Algeria
77%
1 Paese d'origine di una comunità di immigrati residenti in Belgio Cina
77%
1 Paese d'origine di una comunità di immigrati residenti in Belgio Grecia
77%
1 Paese d'origine di una consistente comunità di immigrati residenti in Belgio Polonia
77%
2 Paese d'origine di una consistente comunità di immigrati residenti in Belgio Regno Unito
77%
1 Paese d'origine di una comunità di immigrati residenti in Belgio Russia
73%
1 Paese d'origine di una comunità di immigrati residenti in Belgio Svezia
73%
1 Paese d'origine di una consistente comunità di immigrati residenti in Belgio Turchia
73%
1 Paese d'origine di una comunità di immigrati residenti in Belgio Canada
69%
1 Paese d'origine di una comunità di immigrati residenti in Belgio Giappone
69%
1 Paese d'origine di una comunità di immigrati residenti in Belgio Pakistan
65%
1 Ex colonia tedesca, ceduta al Belgio nel 1919 Burundi
54%
2 Ex colonia tedesca, ceduta al Belgio nel 1919 Ruanda
50%
1 Paese d'origine di una comunità di immigrati residenti in Belgio Camerun
42%
Nessun quiz corrispondente trovato
Distribuzione punteggi
Percentuale di utenti per punteggio
Percentile per numero di risposta
I tuoi punteggi nel tempo
Non hai fatto questo quiz